| 000 | 04063cam a2200817 a 4500 | ||
|---|---|---|---|
| 999 | _c57812 | ||
| 001 | 9700124 | ||
| 003 | LIBRIS | ||
| 005 | 20210518131358.0 | ||
| 008 | 041118s2004 sw |||||||||||000 j|swe| | ||
| 020 |
_a9189538994 _qinb. |
||
| 040 |
_aNB _ea |
||
| 041 | 1 |
_aswe _hdan _heng _hfre _hrus |
|
| 082 | 0 | 4 |
_a839.730108 _222 (machine generated) |
| 083 | 0 |
_a839.78 _222 (machine generated) |
|
| 084 |
_aHc.016(s) _2kssb/7 |
||
| 084 |
_aHce.016(s) _2kssb/7 |
||
| 245 | 1 | 0 |
_aOm julen : _bde bästa berättelserna / _ci urval av Kaj Attorps. |
| 264 | 1 |
_aStockholm : _bLind & Co, _c2004 |
|
| 264 | 3 |
_aFalun : _bScandbook |
|
| 300 |
_a223, [1] s. _c22 cm |
||
| 500 | _aDelvis översatt från danska, engelska, franska och ryska | ||
| 500 |
_5Li _aPliktex. |
||
| 700 | 1 |
_aAttorps, Kaj, _d1937- _4edt _0https://libris.kb.se/rp357b69056dx3z#it |
|
| 887 |
_a{"@id":"4mfd3pcg5qn9ts1","modified":"2004-11-19T14:48:24+01:00","checksum":"173817219197"} _2librisxl |
||
| 887 |
_a{"@id":"tz63v4v05nvzq1h","modified":"2016-01-25T12:00:55+01:00","checksum":"164990864445"} _2librisxl |
||
| 887 |
_a{"@id":"37d6ms180pgh016","modified":"2005-01-04T11:10:51+01:00","checksum":"109726779714"} _2librisxl |
||
| 887 |
_a{"@id":"48gfkmq92wss3lb","modified":"2008-08-20T12:11:48+02:00","checksum":"173017051234"} _2librisxl |
||
| 887 |
_a{"@id":"nszs2tvt1s3s020","modified":"2017-02-08T10:20:13+01:00","checksum":"123899762372"} _2librisxl |
||
| 887 |
_a{"@id":"kx134k99hp7wz243","modified":"2020-12-22T09:47:46.341+01:00","checksum":"174185944662"} _2librisxl |
||
| 887 |
_a{"@id":"hmsl147n1grvsj8","modified":"2005-01-03T11:00:46+01:00","checksum":"197733755875"} _2librisxl |
||
| 887 |
_a{"@id":"pt0t097v0tm9bv0","modified":"2014-12-09T11:29:16+01:00","checksum":"108462758759"} _2librisxl |
||
| 887 |
_a{"@id":"hmvn6zcn4s10tbn","modified":"2015-06-22T10:37:35+02:00","checksum":"153634599814"} _2librisxl |
||
| 887 |
_a{"@id":"48f7hwt90g6zlbz","modified":"2004-11-18T11:10:23+01:00","checksum":"92153540973"} _2librisxl |
||
| 887 |
_a{"@id":"w1770sc240rh51r","modified":"2009-04-06T14:39:24+02:00","checksum":"176902594200"} _2librisxl |
||
| 887 |
_a{"@id":"pt0s2gdv1r9hwzz","modified":"2004-11-18T11:12:41+01:00","checksum":"134727620154"} _2librisxl |
||
| 887 |
_a{"@id":"mrxq0dbs3qnnj3k","modified":"2004-11-18T11:12:14+01:00","checksum":"133314868091"} _2librisxl |
||
| 887 |
_a{"@id":"0493jnf52t34tbl","modified":"2005-01-03T14:07:50+01:00","checksum":"95399261196"} _2librisxl |
||
| 887 |
_a{"@id":"glrlwd6m5bgtcbs","modified":"2011-01-17T17:51:15+01:00","checksum":"109909121629"} _2librisxl |
||
| 887 |
_a{"@id":"mr024n8s4jcc40d","modified":"2016-08-31T15:52:10+02:00","checksum":"143697035800"} _2librisxl |
||
| 942 |
_2z _cBOOK |
||